Muslima saṇa äṇi sãskāra. (Record no. 55377)

MARC details
000 -LEADER
fixed length control field 00539cam a22002171 4500
001 - CONTROL NUMBER
control field sa 63003946
003 - CONTROL NUMBER IDENTIFIER
control field DLC
005 - DATE AND TIME OF LATEST TRANSACTION
control field 20260227111945.0
008 - FIXED-LENGTH DATA ELEMENTS--GENERAL INFORMATION
fixed length control field 890417s1962 ii a 000 0 urdr
010 ## - LIBRARY OF CONGRESS CONTROL NUMBER
LC control number sa 63003946
035 ## - SYSTEM CONTROL NUMBER
System control number (OCoLC)19559760
040 ## - CATALOGING SOURCE
Original cataloging agency DLC
Transcribing agency WaU
Modifying agency DLC
042 ## - AUTHENTICATION CODE
Authentication code premarc
050 00 - LIBRARY OF CONGRESS CALL NUMBER
Classification number BP186
Item number .J64
100 1# - MAIN ENTRY--PERSONAL NAME
Personal name Joshi, Shripad,
Dates associated with a name 1920-
245 10 - TITLE STATEMENT
Title Muslima saṇa äṇi sãskāra.
260 ## - PUBLICATION, DISTRIBUTION, ETC.
Date of publication, distribution, etc. [1962]
300 ## - PHYSICAL DESCRIPTION
Extent 86 p.
Other physical details illus.
Dimensions 19 cm.
500 ## - GENERAL NOTE
General note In Marathi.
650 #0 - SUBJECT ADDED ENTRY--TOPICAL TERM
Topical term or geographic name entry element Fasts and feasts
General subdivision Islam.

No items available.

Powered by Koha